Największe miasta świata w 1500r - Statystyki

Ogólne statystyki
  • Ten quiz został rozwiązany 425 razy
  • Średni wynik to 6 z 20
Statystyki odpowiedzi
Ranking Ludność (1500) Kraj Odpowiedź % Poprawnych
1 672 000 Chiny Pekin
97%
3 400 000 Egipt Kair
88%
9 185 000 Francja Paryż
84%
7 200 000 Turcja Stambuł
83%
17 125 000 Korea Południowa Seul
72%
19 114 000 Włochy Neapol
64%
20 110 000 Włochy Wenecja
56%
13 130 000 Maroko Fez
18%
15 127 000 Chiny Xi'an
16%
11 147 000 Chiny Nankin
15%
8 200 000 Pakistan Lahaur
6%
14 127 000 Turcja Edirne
5%
10 150 000 Chiny Guangzhou
3%
4 250 000 Chiny Hangzhou
2%
5 250 000 Iran Tebriz
2%
16 125 000 Tajlandia Ayutthaya
1%
18 122 000 Chiny Suzhou
1%
12 140 000 Indie Cuttack
0%
6 200 000 Indie Gauda
0%
2 500 000 Indie Vijayanagar
0%
Nie znaleziono quizów pasujących do podanych kryteriów
Rozkład punktacji
Procent ludzi z każdym wynikiem
Percentyl według liczby udzielonych odpowiedzi
Twoja historia wyników
Nie rozwiązałeś tego quizu